000 00478nam a2200157 i 4500
001 34367
003 ES-MaACL
005 20230906154924.0
007 t|
008 030204s1970 sp ||||1| cat d
100 1 _aBlasi y Rabassa, R.
_929413
245 1 0 _aParot-Delgada
_b: De estampes historiques escenificades /
_cR. Blasi y Rabassa.
260 _aReus :
_b[s.n.,
_c1970] (
_fTall. Gráf. Artur Rabassa)
300 _a87 p. ;
_c22 cm.
852 _aES-MaACL
_jC-46381
_bR.74774
999 _c34367
_d34367